[Event "Lorraine-ch"]
[Site "Hayange"]
[Date "2013.05.18"]
[Round "2"]
[White "Pavade, Mathias"]
[Black "Staeger, Jean Charles"]
[Result "0-1"]
[WhiteElo "1390"]
[BlackElo "1596"]
[PlyCount "86"]
[EventDate "2013.05.17"]
[EventType "swiss"]
[EventRounds "7"]
[EventCountry "FRA"]
[SourceTitle "EXT 2014"]
[Source "ChessBase"]
[SourceDate "2013.11.20"]
[SourceVersion "1"]
[SourceVersionDate "2013.11.20"]
[SourceQuality "1"]

1. e4 c5 2. Nf3 d6 3. Nc3 g6 4. d3 Bg7 5. Be3 Nc6 6. Qc1 Bg4 7. Be2 Bxf3 8. Bxf3 Ne5 9. Be2 Qd7 10. g3 Ng4 11. Bxg4 Qxg4 12. Nd5 Rc8 13. Rb1 Qf3 14. Rg1 Bd4 15. Bxd4 cxd4 16. b3 Nf6 17. Nxf6+ Qxf6 18. Qf4 Qxf4 19. gxf4 Rxc2 20. Ra1 0-0 21. Kf1 Rfc8 22. Rg3 Rc1+ 23. Rxc1 Rxc1+ 24. Kg2 Rc2 25. a3 Rc3 26. e5 dxe5 27. fxe5 Rxb3 28. h4 e6 29. h5 Kg7 30. hxg6 hxg6 31. Kf1 Rxa3 32. Ke2 Ra2+ 33. Kf3 b5 34. Rg1 a5 35. Rb1 b4 36. Kg2 Ra3 37. Rd1 Rc3 38. Kf3 b3 39. Ke4 b2 40. Rb1 Rc2 41. Kxd4 a4 42. Ke3 a3 43. d4 a2 0-1